Catalog

Record Details

Catalog Search



Ella enchanted / Miramax Films ; produced by, Jane ... Read More

Available copies

  • 1 of 3 copies available at LARL/NWRL Consortium.
  • 1 of 2 copies available at Northwest Regional Library. (Show preferred library)

Current holds

0 current holds with 3 total copies.

Show Only Available Copies
Location Call Number / Copy Notes Barcode Shelving Location Status Due Date
Roseau Public Library DVD j ELL (Text) 35500003870779 Main Available -
Thief River Falls Public Library DVD j ELL (Text) 35500004025092 Main Checked out 05/06/2026
Lake Park LINK Site DVD J ELL (Text) 33500013292511 Main Checked out 05/07/2026

Record details

  • ISBN: 9786318355551
  • ISBN: 0788856278
  • ISBN: 0788855476
  • ISBN: 9780788855474
  • Physical Description: 1 videodisc (96 min.) : sd., col. ; 4 3/4 in.
  • Edition: Fullscreen.
  • Publisher: [United States] : Miramax Home Entertainment ; c2004.

Content descriptions

General Note:
Based on the book by Gail Carson Levine.
Special features : feature commentary with director Tommy O'Haver, Anne Hathaway and Hugh Dancy ; ... Read More
Creation/Production Credits Note:
Director of photography, John de Borman ; editor, ... Read More
Participant or Performer Note:
Anne Hathaway, Hugh Dancy, Cary Elwes, Vivica A. ... Read More
Summary, etc.:
Ella lives in a fanciful and magical world where ... Read More
Target Audience Note:
MPAA rating: PG; for some crude humor and ... Read More
System Details Note:
DVD, region 1, fullscreen (1.33:1) presentation; ... Read More
Language Note:
English or dubbed French dialogue, Spanish ... Read More
Subject: Obedience > Drama.
Fairy godmothers > Drama.
Gifts > Drama.
Donaciones > Teatro.
Obediencia > Teatro.
Genre: Feature films.
Fantasy > Feature.
Video recordings for the hearing impaired.
DVDs.
LDR 03687cgm a2200673Ia 4500
00152978
003LARL_NWRL_CONSORTIUM
00520200929163556.0
007vd cvaizq
008040823s2004 xxu096 g vleng d
020 . ‡a9786318355551
020 . ‡a0788856278
020 . ‡a0788855476
020 . ‡a9780788855474
02410. ‡a786936252606
0241 . ‡a786936244892
0241 . ‡a031398137382
02842. ‡a37427 ‡bMiramax Home Entertainment
035 . ‡a(OCoLC)56331905
040 . ‡aHRF ‡cHRF ‡dJED ‡dTEF
0411 . ‡aeng ‡afre ‡heng ‡bspa ‡geng
08204. ‡a791.43/72 ‡222
099 . ‡aEll
24500. ‡aElla enchanted / ‡cMiramax Films ; produced by, Jane Startz ; screenplay, Laurie Craig ... [et al.] ; directed by Tommy O'Haver.
250 . ‡aFullscreen.
260 . ‡a[United States] : ‡bMiramax Home Entertainment ; ‡aBurbank, CA ‡bDistributed by Buena Vista Home Entertainment, ‡cc2004.
300 . ‡a1 videodisc (96 min.) : ‡bsd., col. ; ‡c4 3/4 in.
538 . ‡aDVD, region 1, fullscreen (1.33:1) presentation; Dolby Digital 5.1 surround.
546 . ‡aEnglish or dubbed French dialogue, Spanish subtitles; closed-captioned.
5111 . ‡aAnne Hathaway, Hugh Dancy, Cary Elwes, Vivica A. Fox, Joanna Lumley, Jimi Mistry, Steve Coogan, Aidan McArdle, Heidi Klum.
508 . ‡aDirector of photography, John de Borman ; editor, Masahiro Hirakubo ; music, Nick Glennie-Smith ; custome designer, Ruth Myers ; production designer, Norman Garwood.
500 . ‡aBased on the book by Gail Carson Levine.
5218 . ‡aMPAA rating: PG; for some crude humor and language.
520 . ‡aElla lives in a fanciful and magical world where all children are given a "gift" from their fairy Godmother at birth. Ella's gift - and curse - was that of obedience. As a result, Ella cannot refuse any command, and as a result she is often taken advantage of. In a bid to regain control of her life, Ella goes on a quest to free herself from this mysterious "gift". Ella must outwit a kingdom filled with ogres, giants, wicked stepsisters, talking books and other various evil plots.
500 . ‡aSpecial features : feature commentary with director Tommy O'Haver, Anne Hathaway and Hugh Dancy ; deleted and extended scenes ; The magical world of Ella enchanted ; music video It's not just make-believe performed by Kari Kimmel ; Ella enchanted red carpet premiere special ; Happily ever after - create your own story (DVD-ROM feature).
650 0. ‡aObedience ‡vDrama.
650 0. ‡aFairy godmothers ‡vDrama.
650 0. ‡aGifts ‡vDrama.
655 0. ‡aFeature films. ‡0(LARL_NWRL_CONSORTIUM)175625
650 7. ‡aDonaciones ‡vTeatro. ‡2bidex
650 7. ‡aObediencia ‡vTeatro. ‡2bidex
655 7. ‡aFantasy ‡vFeature. ‡2migfg
655 0. ‡aVideo recordings for the hearing impaired. ‡0(LARL_NWRL_CONSORTIUM)175744
655 0. ‡aDVDs.
7001 . ‡aO'Haver, Tommy, ‡d1967- ‡0(LARL_NWRL_CONSORTIUM)219787
7001 . ‡aHathaway, Anne, ‡d1982- ‡0(LARL_NWRL_CONSORTIUM)130979
7001 . ‡aDancy, Hugh, ‡d1975- ‡0(LARL_NWRL_CONSORTIUM)209837
7001 . ‡aElwes, Cary, ‡d1962- ‡0(LARL_NWRL_CONSORTIUM)151336
7001 . ‡aFox, Vivica A., ‡d1964- ‡0(LARL_NWRL_CONSORTIUM)143763
7001 . ‡aLumley, Joanna. ‡0(LARL_NWRL_CONSORTIUM)69058
7001 . ‡aDe Borman, John. ‡0(LARL_NWRL_CONSORTIUM)213701
7001 . ‡aGlennie-Smith, Nick. ‡0(LARL_NWRL_CONSORTIUM)139505
7001 . ‡aLevine, Gail Carson. ‡tElla enchanted.
7102 . ‡aMiramax Films. ‡0(LARL_NWRL_CONSORTIUM)11733
901 . ‡a52978 ‡bOCLC ‡c52978 ‡tbiblio

Additional Resources